| 000 | 00952cam2a220026500 4500 | ||
|---|---|---|---|
| 001 | lce01655504 | ||
| 008 | 830815s1983 ja a b f001 0 eng | ||
| 010 | _a 83187338 | ||
| 020 | _cY6000 | ||
| 035 | _a(Sirsi) r59739 | ||
| 035 | _a(DLC) 83187338 | ||
| 035 | _a(UPRA)lce01655504 | ||
| 040 | _dUPRA | ||
| 050 | 0 |
_aTA654.6 _b.K3513 1983 |
|
| 082 | 0 |
_a624.1/762 _219 |
|
| 100 | 1 |
_aKanai, Kiyoshi, 1907- _dKanai, Kiyoshi, 1907- _6A19113.1 |
|
| 245 | 1 | 0 |
_aEngineering seismology / _cKiyoshi Kanai. |
| 260 |
_a[Tokyo] : _bUniversity of Tokyo Press, _cc1983. |
||
| 500 | _aEnl. and rev. translation of: Jishin kogaku. | ||
| 504 | _aIncludes bibliographies and index. | ||
| 650 | 0 |
_aEarthquake engineering. _6S13003.1 |
|
| 700 | 1 |
_aKanai, Kiyoshi, 1907- Jishin kogaku. _dKanai, Kiyoshi, 1907- Jishin kogaku. _tKanai, Kiyoshi, 1907- Jishin kogaku. _6A19113.2 |
|
| 949 |
_aTA654.6 _wlcc _i33729001897904 _mMAIN _p2500 _tBOOK _lON-SHELF |
||
| 004 | 59739 | ||
| 999 |
_c159059 _d159059 |
||